| 000 | 00000nas 2200000za 4500 |
| 001 | 9.809548 |
| 003 | CaOODSP |
| 005 | 20221107140647 |
| 007 | cr ||||||||||| |
| 008 | 200810d20052016onc x p o f0 b0fre|d |
| 040 | |aCaOODSP|bfre |
| 041 | |afre|aeng |
| 043 | |an-cn--- |
| 086 | 1 |aT34-26-PDF |
| 110 | 1 |aCanada. |bTransports Canada. |
| 245 | 10|aMarine Security operations bulletins |h[ressource électronique] = |bBulletins opérationnels de Sûreté maritime. |
| 246 | 01|aBulletins opérationnels de Sûreté maritime |
| 260 | |a[Ottawa] : |bTransport Canada = Transports Canada, |c[2005-2016] |
| 310 | |aIrrègulier |
| 362 | 0 |aParaît depuis 2005-001; ne paraît plus après 2016-001. |
| 546 | |aTexte en anglais et en français sur deux colonnes. |
| 785 | 00|tBulletin opérationnel de sûreté maritime |w(CaOODSP)9.890287 |
| 791 | |tMarine Security operations bulletins |eeng|w(CaOODSP)9.809540 |